000
00283nam a22001337a 4500
008
171003b xxu||||| |||| 00| 0 eng d
020
_a
9780721667218
041
_a
eng
080
_a
159.9
100
_a
48
101
_a
PSI
245
_a
PSYCHIATRY
_c
CUTLER,J.L
942
_2
udc
_c
BK
999
_c
31497
_d
31497